| 000 | 00663cab a2200217 4500 | ||
|---|---|---|---|
| 001 | WB2806-69 | ||
| 008 | 090401t1992 xxu||||| |||| 00| 0 eng d | ||
| 035 | _a(Sirsi) u27038 | ||
| 041 | _aeng | ||
| 245 | _aProtesters seek empty rates cut | ||
| 260 | _c1992 | ||
| 350 | _a0 | ||
| 490 |
_aEstates Times _v(1128) 31 January 1992, 1(1) |
||
| 520 | _aA developers protest group led by Stanhope is to urge the local government minister to dramatically alter empty rates on vacant buildings. | ||
| 650 | _aEMPTY RATES | ||
| 650 | _aUNIFORM BUSINESS RATE | ||
| 650 | _aVACANT PROPERTY | ||
| 690 | _aRATING AND VALUATION | ||
| 942 | _n0 | ||
| 948 | _c04/03/1997 | ||
| 999 |
_c18214 _d18214 |
||